[Event "GRE-ch U16"]
[Site "Rio Achaia"]
[Date "2018.07.09"]
[Round "9"]
[White "Aggelakis, Ilias"]
[Black "Oumoutidis, Christos"]
[Result "1/2-1/2"]
[WhiteElo "1654"]
[BlackElo "1516"]
[PlyCount "59"]
[EventDate "2018.07.03"]
[EventType "swiss"]
[EventRounds "9"]
[EventCountry "GRE"]
[SourceTitle "EXT 2019"]
[Source "ChessBase"]
[SourceDate "2018.10.10"]
[SourceVersion "1"]
[SourceVersionDate "2018.10.10"]
[SourceQuality "1"]

1. Nf3 Nf6 2. c4 e6 3. g3 d5 4. Bg2 dxc4 5. Qa4+ Nbd7 6. Qxc4 a6 7. 0-0 b5 8. Qc2 c5 9. Nd4 Nd5 10. Nf3 Bb7 11. d3 Be7 12. Nc3 0-0 13. Bd2 Rc8 14. Rfc1 Nb4 15. Qd1 Nb6 16. Qe1 N4d5 17. Rab1 c4 18. dxc4 Nxc4 19. Nxd5 Bxd5 20. Bc3 Be4 21. Ra1 Qb6 22. a3 Qb7 23. Qf1 Rfd8 24. Rd1 Bc5 25. Rxd8+ Rxd8 26. Rd1 Rxd1 27. Qxd1 Qd5 28. Qc1 Qd6 29. Nd2 Nxd2 30. Bxd2 1/2-1/2

[Event "GRE-ch U16"]
[Site "Rio Achaia"]
[Date "2018.07.04"]
[Round "3"]
[White "Triantafilidis, Mihail"]
[Black "Aggelakis, Ilias"]
[Result "1-0"]
[WhiteElo "1909"]
[BlackElo "1654"]
[PlyCount "157"]
[EventDate "2018.07.03"]
[EventType "swiss"]
[EventRounds "9"]
[EventCountry "GRE"]
[SourceTitle "EXT 2019"]
[Source "ChessBase"]
[SourceDate "2018.10.10"]
[SourceVersion "1"]
[SourceVersionDate "2018.10.10"]
[SourceQuality "1"]

1. d4 d5 2. c4 e6 3. Nc3 Nf6 4. cxd5 Nxd5 5. e4 Nxc3 6. bxc3 c5 7. Rb1 cxd4 8. cxd4 Be7 9. Nf3 0-0 10. Be2 a6 11. a4 Nc6 12. 0-0 a5 13. Be3 Nb4 14. Qb3 Bd7 15. Ne5 Qe8 16. Nxd7 Qxd7 17. Bb5 Qd8 18. Rfc1 Bd6 19. g3 Qe7 20. Rc4 Rfc8 21. Rbc1 Rxc4 22. Qxc4 Rd8 23. Kg2 h6 24. Qe2 Bb8 25. Qg4 Kh8 26. Rc5 e5 27. d5 Ba7 28. Rc3 Bxe3 29. Rxe3 Nc2 30. Rc3 Nd4 31. Bf1 Kg8 32. Qd1 Qb4 33. Rc4 Qd6 34. Qd2 Qb6 35. Qc3 Qg6 36. Bd3 b6 37. Rc7 Qd6 38. Rb7 Rb8 39. Qc7 Qxc7 40. Rxc7 Rd8 41. f4 exf4 42. gxf4 f6 43. Bc4 Kf8 44. Kf2 Rb8 45. e5 fxe5 46. fxe5 b5 47. axb5 Nxb5 48. Rc5 Na3 49. Bd3 Rb2+ 50. Ke3 Rxh2 51. Rxa5 Nc2+ 52. Ke4 Rh4+ 53. Kf5 Nd4+ 54. Kg6 Rg4+ 55. Kh7 Rg5 56. d6 Ke8 57. Bg6+ Kd7 58. Ra7+ Kd8 59. Ra8+ Kd7 60. Ra7+ Kd8 61. Ra8+ Kd7 62. Be8+ Ke6 63. d7 Nc6 64. Ra6 Ke7 65. Rxc6 Rxe5 66. Kxg7 Rd5 67. Kxh6 Rd1 68. Rc4 Rd2 69. Re4+ Kd8 70. Kg6 Rd6+ 71. Kf5 Ra6 72. Rd4 Rb6 73. Bf7 Ra6 74. Be6 Ra1 75. Kf6 Rf1+ 76. Bf5 Rc1 77. Ra4 Rd1 78. Ra8+ Kc7 79. Rc8+ 1-0

[Event "GRE-ch U16"]
[Site "Rio Achaia"]
[Date "2018.07.03"]
[Round "1"]
[White "Triantos, Konstantinos"]
[Black "Aggelakis, Ilias"]
[Result "1-0"]
[WhiteElo "2078"]
[BlackElo "1654"]
[PlyCount "137"]
[EventDate "2018.07.03"]
[EventType "swiss"]
[EventRounds "9"]
[EventCountry "GRE"]
[SourceTitle "EXT 2019"]
[Source "ChessBase"]
[SourceDate "2018.10.10"]
[SourceVersion "1"]
[SourceVersionDate "2018.10.10"]
[SourceQuality "1"]

1. e4 e5 2. Nf3 Nc6 3. Bb5 a6 4. Ba4 Nf6 5. d3 d6 6. c3 g6 7. 0-0 Bg7 8. Re1 0-0 9. Nbd2 b5 10. Bb3 Bb7 11. Nf1 Na5 12. Bc2 Re8 13. Bg5 Qd7 14. Ne3 Nc6 15. h3 Nd8 16. Nh2 Ne6 17. Bh4 h5 18. Bb3 Nc5 19. g4 Nxb3 20. axb3 hxg4 21. hxg4 d5 22. Bxf6 Bxf6 23. Nxd5 Bxd5 24. exd5 Qxd5 25. Qf3 Qxf3 26. Nxf3 Re6 27. g5 Bg7 28. Nd2 Rd6 29. Re3 f5 30. gxf6 Bh6 31. Re2 Bxd2 32. Rxd2 Kf7 33. d4 exd4 34. Rxd4 Kxf6 35. Rf4+ Kg7 36. Re1 Rd7 37. Re6 Rd2 38. Rff6 Rxb2 39. Rxg6+ Kf7 40. Rgf6+ Kg7 41. Rf3 Rg8 42. b4 Kh7+ 43. Kh2 Rg6 44. Rxg6 Kxg6 45. Kg3 Re2 46. Re3 Rc2 47. Re6+ Kf5 48. Rc6 Rc1 49. Kf3 Ke5 50. Rxc7 Rd1 51. Rc5+ Kd6 52. Kg4 Ra1 53. f4 Ke6 54. f5+ Kf6 55. Rc6+ Kf7 56. Kf4 a5 57. Ke5 a4 58. Rc7+ Ke8 59. Kd6 a3 60. Ra7 Rf1 61. Ra8+ Kf7 62. Rxa3 Rxf5 63. Ra2 Kf6 64. Re2 Rg5 65. Rf2+ Kg6 66. Rf4 Kg7 67. c4 Rg6+ 68. Kc7 bxc4 69. Rxc4 1-0

[Event "Hersonissos op 2nd"]
[Site "Hersonissos"]
[Date "2018.06.24"]
[Round "9"]
[White "Aggeletos, Marios"]
[Black "Aggelakis, Ilias"]
[Result "1-0"]
[WhiteElo "1769"]
[BlackElo "1683"]
[PlyCount "109"]
[EventDate "2018.06.17"]
[EventType "swiss"]
[EventRounds "9"]
[EventCountry "GRE"]
[SourceTitle "CBM 185 Extra"]
[Source "ChessBase"]
[SourceDate "2018.07.29"]
[SourceVersion "1"]
[SourceVersionDate "2018.07.29"]
[SourceQuality "1"]

1. d4 d5 2. c4 e6 3. Nc3 Nf6 4. cxd5 exd5 5. Bg5 Be7 6. e3 0-0 7. Bd3 h6 8. Bh4 b6 9. Nf3 Bb7 10. 0-0 Nbd7 11. Qb3 c5 12. dxc5 Nxc5 13. Qd1 Nfe4 14. Bxe7 Qxe7 15. Ne2 Rac8 16. Ned4 Rfd8 17. Nf5 Qf6 18. N3d4 Nxd3 19. Qxd3 Nc5 20. Qd2 Ne4 21. Qe2 Rc5 22. Rfd1 Rdc8 23. f3 Nd6 24. Nxd6 Qxd6 25. Qd3 Qf6 26. Qf5 Qe7 27. Qf4 Qc7 28. Qxc7 R8xc7 29. Rd2 g6 30. Rad1 Kg7 31. Kf2 a6 32. Ne2 Kf6 33. Nc3 Ke6 34. Rd4 b5 35. R1d2 a5 36. a3 h5 37. Kg3 f6 38. h4 g5 39. Kh3 Bc6 40. g4 hxg4+ 41. fxg4 gxh4 42. Kxh4 Rh7+ 43. Kg3 Rg7 44. Ne2 Rg5 45. Nf4+ Kf7 46. Rf2 Ke7 47. Rh2 f5 48. Nd3 Rc4 49. Ne5 Rc1 50. Rh7+ Kf6 51. Nxc6 Rxc6 52. Rh6+ Rg6 53. Rxg6+ Kxg6 54. Rxd5 fxg4 55. Rxb5 1-0

[Event "Hersonissos op 2nd"]
[Site "Hersonissos"]
[Date "2018.06.22"]
[Round "7"]
[White "Parker, Keith"]
[Black "Aggelakis, Ilias"]
[Result "1-0"]
[WhiteElo "1846"]
[BlackElo "1683"]
[PlyCount "61"]
[EventDate "2018.06.17"]
[EventType "swiss"]
[EventRounds "9"]
[EventCountry "GRE"]
[SourceTitle "CBM 185 Extra"]
[Source "ChessBase"]
[SourceDate "2018.07.29"]
[SourceVersion "1"]
[SourceVersionDate "2018.07.29"]
[SourceQuality "1"]

1. d4 d5 2. Bf4 Nf6 3. e3 e6 4. Nd2 Bd6 5. Bg3 0-0 6. Bd3 b6 7. Ngf3 Bb7 8. Ne5 c5 9. c3 Ne4 10. Qh5 f5 11. Nxe4 dxe4 12. Bc4 Bd5 13. Rd1 cxd4 14. Bxd5 exd5 15. cxd4 Bb4+ 16. Kf1 Bd6 17. f4 Nd7 18. Rc1 Rc8 19. Kf2 Bxe5 20. fxe5 Qe8 21. Qe2 g5 22. Rhf1 f4 23. exf4 Kh8 24. Qg4 Rxc1 25. Rxc1 gxf4 26. Bxf4 Nxe5 27. dxe5 Qxe5 28. Kg3 Qxb2 29. Rc8 Qa3+ 30. Kh4 Rxc8 31. Be5# 1-0

[Event "Hersonissos op 2nd"]
[Site "Hersonissos"]
[Date "2018.06.21"]
[Round "6"]
[White "Aggelakis, Ilias"]
[Black "Lichii, Elizaveta"]
[Result "1/2-1/2"]
[WhiteElo "1683"]
[BlackElo "1888"]
[PlyCount "145"]
[EventDate "2018.06.17"]
[EventType "swiss"]
[EventRounds "9"]
[EventCountry "GRE"]
[SourceTitle "CBM 185 Extra"]
[Source "ChessBase"]
[SourceDate "2018.07.29"]
[SourceVersion "1"]
[SourceVersionDate "2018.07.29"]
[SourceQuality "1"]

1. c4 Nf6 2. Nf3 e6 3. g3 b6 4. Bg2 Bb7 5. 0-0 c5 6. d4 d6 7. Nc3 Nbd7 8. b3 Be7 9. Bb2 0-0 10. e3 a6 11. Qe2 Qc7 12. Rfd1 cxd4 13. Nxd4 Rac8 14. Rac1 Qb8 15. Qd2 Nc5 16. Nde2 Bxg2 17. Kxg2 Qb7+ 18. Kg1 Ng4 19. Nf4 Ne5 20. Qe2 Nf3+ 21. Kf1 Nxh2+ 22. Ke1 Nf3+ 23. Kf1 Ne5 24. Ng2 f5 25. Nb1 Ncd7 26. Bxe5 Nxe5 27. Nd2 Rf6 28. Kg1 Rcf8 29. Rc2 Rh6 30. e4 fxe4 31. Qxe4 Qxe4 32. Nxe4 Nf3+ 33. Kf1 Rh1+ 34. Ke2 Rxd1 35. Kxd1 g5 36. Ne3 h6 37. Rc3 Ne5 38. Ke2 Kg7 39. Rc1 Ng6 40. Rd1 Rd8 41. Nc2 d5 42. cxd5 exd5 43. Nd2 Bf6 44. Nf3 a5 45. Ncd4 Bxd4 46. Nxd4 Kf6 47. Rc1 Rd6 48. Rh1 Ke5 49. Nf3+ Ke4 50. Rxh6 Nf4+ 51. gxf4 Rxh6 52. fxg5 Rg6 53. a3 Rg7 54. Nd2+ Kf4 55. Kd3 Rxg5 56. Kd4 Re5 57. Nb1 Kf5 58. Nc3 Ke6 59. f3 Rf5 60. Ke3 Ke5 61. Ne2 Kd6 62. f4 Kc5 63. Ng3 Rf7 64. f5 b5 65. Kd3 Rf6 66. Kc3 d4+ 67. Kd3 Kd5 68. Ne2 Rxf5 69. Nxd4 Rf4 70. Nxb5 Rf3+ 71. Kc2 Rf2+ 72. Kd3 Rf3+ 73. Kc2 1/2-1/2

[Event "Heraklion op 21st"]
[Site "Heraklion"]
[Date "2017.09.05"]
[Round "4"]
[White "Aggelakis, Ilias"]
[Black "Dagkonaki, Antonia"]
[Result "1-0"]
[WhiteElo "1488"]
[BlackElo "1355"]
[PlyCount "57"]
[EventDate "2017.09.03"]
[EventType "swiss"]
[EventRounds "9"]
[EventCountry "GRE"]
[SourceTitle "CBM 180 Extra"]
[Source "ChessBase"]
[SourceDate "2017.10.06"]
[SourceVersion "1"]
[SourceVersionDate "2017.10.06"]
[SourceQuality "1"]

1. d4 d5 2. Nf3 Nf6 3. Bf4 Bf5 4. e3 Nh5 5. Bg3 Nxg3 6. hxg3 c6 7. Bd3 Bxd3 8. Qxd3 g6 9. Nbd2 e6 10. Ne5 Nd7 11. Ndf3 Bg7 12. Nxd7 Qxd7 13. 0-0-0 Rc8 14. Kb1 c5 15. c3 c4 16. Qe2 a5 17. e4 0-0 18. e5 Rb8 19. Rh2 b5 20. Rdh1 h6 21. Qd2 f6 22. exf6 Rxf6 23. Ne5 Qc7 24. Ng4 Rff8 25. Nxh6+ Bxh6 26. Rxh6 Qd8 27. Rh8+ Kf7 28. Qf4+ Ke7 29. R1h7+ 1-0

[Event "Heraklion Gazi op 13th"]
[Site "Heraklion"]
[Date "2017.07.28"]
[Round "1"]
[White "Kharitonov, Alexandr"]
[Black "Aggelakis, Ilias"]
[Result "1-0"]
[WhiteElo "2558"]
[BlackElo "1497"]
[PlyCount "51"]
[EventDate "2017.07.28"]
[EventType "swiss"]
[EventRounds "9"]
[EventCountry "GRE"]
[SourceTitle "CBM 179 Extra"]
[Source "ChessBase"]
[SourceDate "2017.08.23"]
[SourceVersion "1"]
[SourceVersionDate "2017.08.23"]
[SourceQuality "1"]

1. d4 d5 2. c4 e6 3. Nc3 Nf6 4. cxd5 exd5 5. Bg5 Be7 6. e3 0-0 7. Bd3 c6 8. Qc2 Nbd7 9. Nf3 Re8 10. h3 Qa5 11. 0-0 Nf8 12. a3 h6 13. b4 Qd8 14. Bf4 Ne6 15. Bh2 Bd6 16. Ne5 Qe7 17. Na4 Nd7 18. f4 Rd8 19. Rae1 a5 20. Nc5 Bxe5 21. fxe5 axb4 22. axb4 Nexc5 23. bxc5 Rf8 24. Bf5 Ra6 25. e6 fxe6 26. Bd6 1-0

[Event "GRE-ch U14"]
[Site "Achaia"]
[Date "2017.07.02"]
[Round "9"]
[White "Poulopoulos, Ilias"]
[Black "Aggelakis, Ilias"]
[Result "0-1"]
[WhiteElo "1093"]
[BlackElo "1449"]
[PlyCount "98"]
[EventDate "2017.06.26"]
[EventType "swiss"]
[EventRounds "9"]
[EventCountry "GRE"]
[SourceTitle "EXT 2018"]
[Source "ChessBase"]
[SourceDate "2017.10.13"]
[SourceVersion "1"]
[SourceVersionDate "2017.10.13"]
[SourceQuality "1"]

1. e4 c6 2. d4 d5 3. e5 Bf5 4. h4 h6 5. h5 e6 6. Bd3 Bxd3 7. Qxd3 Nd7 8. Nf3 Qc7 9. Nc3 0-0-0 10. Bf4 Bb4 11. 0-0-0 Ne7 12. a3 Bxc3 13. Qxc3 Rhf8 14. Rde1 Qb6 15. g4 Kb8 16. Re3 Rc8 17. Qb3 Qxb3 18. Rxb3 c5 19. Be3 c4 20. Rc3 f6 21. Bf4 fxe5 22. Bg3 Ka8 23. dxe5 Nc6 24. Re3 Nc5 25. Nd2 Rf7 26. b3 b5 27. b4 Nd7 28. Rf1 Rcf8 29. f4 Ncxe5 30. f5 Nxg4 31. Rxe6 Rxf5 32. Rxf5 Rxf5 33. Re8+ Kb7 34. Re7 Ngf6 35. c3 Rg5 36. Bh4 Rg1+ 37. Kc2 Kc6 38. Bxf6 Nxf6 39. Rxa7 Nxh5 40. Ra6+ Kb7 41. Rd6 Nf4 42. Nf3 Rg2+ 43. Nd2 h5 44. Rd8 h4 45. Rh8 h3 46. Kc1 h2 47. Kc2 g6 48. Rh7+ Kb6 49. Rh4 Nh5 0-1

[Event "GRE-ch U14"]
[Site "Achaia"]
[Date "2017.06.29"]
[Round "5"]
[White "Aggelakis, Ilias"]
[Black "Goutis, Panagiotis"]
[Result "1/2-1/2"]
[WhiteElo "1449"]
[BlackElo "1522"]
[PlyCount "107"]
[EventDate "2017.06.26"]
[EventType "swiss"]
[EventRounds "9"]
[EventCountry "GRE"]
[SourceTitle "EXT 2018"]
[Source "ChessBase"]
[SourceDate "2017.10.13"]
[SourceVersion "1"]
[SourceVersionDate "2017.10.13"]
[SourceQuality "1"]

1. d4 Nf6 2. Nf3 e6 3. g3 b6 4. Bg2 Bb7 5. Bg5 h6 6. Bf4 Be7 7. 0-0 0-0 8. c4 d6 9. Nc3 Nbd7 10. Re1 Nh5 11. Bd2 Nhf6 12. e4 e5 13. d5 Nh7 14. Qc2 Re8 15. b4 Qc8 16. a4 a5 17. bxa5 Rxa5 18. Nb5 Ra8 19. Bb4 Nc5 20. Bxc5 bxc5 21. Reb1 Ba6 22. Nd2 Nf8 23. Nf1 Qd7 24. Ne3 g6 25. Qc3 Reb8 26. Rb3 Kg7 27. f4 Bf6 28. f5 g5 29. Bf3 Nh7 30. Kh1 Be7 31. Rg1 f6 32. Rgb1 Qd8 33. Qb2 Rc8 34. Be2 Nf8 35. Qc1 Nd7 36. Qc2 Rcb8 37. Qb2 Qc8 38. Bd3 Qd8 39. Qg2 Rc8 40. Qh3 Qe8 41. Ng4 Qh8 42. Qh5 Qh7 43. Ne3 Bxb5 44. axb5 Nb6 45. Qd1 Ra4 46. Ra1 Rca8 47. Rxa4 Rxa4 48. Rb1 Qg8 49. Qh5 Qf7 50. Qd1 Qe8 51. Bc2 Ra7 52. Kg2 Ra3 53. Bd3 Ra2+ 54. Kh1 1/2-1/2

[Event "GRE-ch U14"]
[Site "Achaia"]
[Date "2017.06.28"]
[Round "4"]
[White "Sarantopoulos, Konstantinos"]
[Black "Aggelakis, Ilias"]
[Result "0-1"]
[WhiteElo "1189"]
[BlackElo "1449"]
[PlyCount "64"]
[EventDate "2017.06.26"]
[EventType "swiss"]
[EventRounds "9"]
[EventCountry "GRE"]
[SourceTitle "EXT 2018"]
[Source "ChessBase"]
[SourceDate "2017.10.13"]
[SourceVersion "1"]
[SourceVersionDate "2017.10.13"]
[SourceQuality "1"]

1. e4 c5 2. Nc3 Nc6 3. Bb5 Nd4 4. Bc4 g6 5. Nf3 Bg7 6. Nxd4 cxd4 7. Qf3 e6 8. Ne2 Ne7 9. d3 Nc6 10. Bf4 d6 11. 0-0 0-0 12. Bb3 e5 13. Bd2 Qh4 14. Qg3 Qxg3 15. Nxg3 Be6 16. f4 Bxb3 17. cxb3 exf4 18. Bxf4 Ne5 19. Bxe5 dxe5 20. Rac1 Rfc8 21. a4 a6 22. Rc4 b5 23. axb5 axb5 24. Rcc1 Bh6 25. Ra1 Be3+ 26. Kh1 Rxa1 27. Rxa1 Rc2 28. h4 Rxb2 29. h5 Kg7 30. Kh2 Rxb3 31. Ra7 Bf4 32. h6+ Kxh6 0-1

[Event "GRE-ch U14"]
[Site "Achaia"]
[Date "2017.06.26"]
[Round "1"]
[White "Aggelakis, Ilias"]
[Black "Triantafilidis, Mihail"]
[Result "0-1"]
[WhiteElo "1449"]
[BlackElo "1900"]
[PlyCount "54"]
[EventDate "2017.06.26"]
[EventType "swiss"]
[EventRounds "9"]
[EventCountry "GRE"]
[SourceTitle "EXT 2018"]
[Source "ChessBase"]
[SourceDate "2017.10.13"]
[SourceVersion "1"]
[SourceVersionDate "2017.10.13"]
[SourceQuality "1"]

1. d4 d6 2. g3 Nf6 3. Bg2 Nbd7 4. Nf3 e5 5. dxe5 dxe5 6. 0-0 c6 7. b3 Qc7 8. Bb2 Be7 9. c4 0-0 10. Qc2 Re8 11. e4 a5 12. Rd1 Bf8 13. Nbd2 Nc5 14. h3 Nfd7 15. Re1 Na6 16. Rad1 Nb4 17. Qb1 Nc5 18. Nf1 f6 19. Ne3 Be6 20. Rd2 Rad8 21. Red1 Rxd2 22. Rxd2 Rd8 23. Bc3 Rxd2 24. Bxd2 Qd7 25. Bxb4 axb4 26. h4 Qd3 27. Nd2 Qxd2 0-1

[Event "Heraklion op 17th"]
[Site "Heraklion"]
[Date "2016.05.02"]
[Round "1"]
[White "Aggelakis, Ilias"]
[Black "Papadopoulos, Argirios"]
[Result "0-1"]
[WhiteElo "1233"]
[BlackElo "2263"]
[PlyCount "128"]
[EventDate "2016.05.02"]
[EventType "swiss"]
[EventRounds "9"]
[EventCountry "GRE"]
[SourceTitle "CBM 172 Extra"]
[Source "ChessBase"]
[SourceDate "2016.06.21"]
[SourceVersion "1"]
[SourceVersionDate "2016.06.21"]
[SourceQuality "1"]

1. d4 Nf6 2. c4 e6 3. Nc3 d5 4. Bg5 Nbd7 5. e3 c6 6. Bd3 Qa5 7. a3 dxc4 8. Bxf6 cxd3 9. Bh4 Qa6 10. Nf3 Bd6 11. 0-0 0-0 12. Qd2 e5 13. Rfd1 Re8 14. dxe5 Nxe5 15. Nxe5 Bxe5 16. Qxd3 Qxd3 17. Rxd3 Bf5 18. Rd2 f6 19. Rad1 Kf7 20. Bg3 Bxg3 21. hxg3 Bg4 22. f3 Be6 23. Ne4 Kg6 24. Nc5 b6 25. Nxe6 Rxe6 26. e4 Kf7 27. Kf2 c5 28. g4 Rc8 29. Rc1 Ke7 30. Rcd1 Ke8 31. b3 Rec6 32. Rd7 R6c7 33. R7d5 c4 34. bxc4 Rxc4 35. g5 R4c5 36. gxf6 Rxd5 37. Rxd5 gxf6 38. Rh5 Rc7 39. Rh6 Rf7 40. Ke3 Kf8 41. Rh5 Ke7 42. a4 Kd6 43. a5 Kc6 44. axb6 axb6 45. g4 b5 46. Rh6 Kc5 47. Kd3 Kb4 48. Kc2 Ka3 49. Rh5 Rc7+ 50. Kb1 b4 51. e5 fxe5 52. Rxe5 Rc3 53. Re7 Rxf3 54. Rxh7 Rf1+ 55. Kc2 b3+ 56. Kc3 Rf3+ 57. Kd2 Rg3 58. Ra7+ Kb2 59. Ra4 Rg2+ 60. Kd3 Kb1 61. Ra3 b2 62. Ra4 Kc1 63. Rc4+ Kd1 64. Rb4 Rg3+ 0-1

[Event "Heraklion op 16th"]
[Site "Heraklion"]
[Date "2016.01.04"]
[Round "3.15"]
[White "Aggelakis, Ilias"]
[Black "Hadzakis, Georgios"]
[Result "0-1"]
[WhiteElo "1225"]
[BlackElo "1803"]
[PlyCount "96"]
[EventDate "2016.01.03"]
[EventType "swiss"]
[EventRounds "9"]
[EventCountry "GRE"]
[SourceTitle "EXT 2024"]
[Source "ChessBase"]
[SourceDate "2023.10.10"]
[SourceVersion "1"]
[SourceVersionDate "2023.10.10"]
[SourceQuality "1"]

1. d4 d5 2. c4 c6 3. Nc3 Nf6 4. Bg5 e6 5. e3 Nbd7 6. Nf3 Qa5 7. a3 Ne4 8. Qc2 Bb4 9. Rc1 Bxc3+ 10. bxc3 Qxa3 11. Bd3 Nxg5 12. Nxg5 Qe7 13. Nf3 dxc4 14. Bxc4 e5 15. e4 exd4 16. cxd4 Qb4+ 17. Qc3 Qxc3+ 18. Rxc3 0-0 19. Ng5 Nf6 20. Nxf7 Rxf7 21. Bxf7+ Kxf7 22. f3 Bd7 23. Kd2 b5 24. Rb1 a5 25. Ra3 Ne8 26. e5 Nc7 27. h3 Nd5 28. h4 b4 29. Raa1 a4 30. Rb2 Ke6 31. g3 a3 32. Rb3 c5 33. dxc5 Kxe5 34. Rc1 Bb5 35. c6 Rc8 36. f4+ Kd6 37. c7 Rxc7 38. Rxc7 Kxc7 39. Kc1 Kb6 40. g4 Kc5 41. f5 Nc3 42. g5 Bc4 43. Kc2 a2 44. Kb2 a1Q+ 45. Kxa1 Bxb3 46. f6 gxf6 47. gxf6 Bf7 48. h5 Nd5 0-1

[Event "Heraklio SOI op 11th"]
[Site "Heraklion"]
[Date "2014.04.21"]
[Round "1"]
[White "Lirindzakis, Timotheos"]
[Black "Aggelakis, Ilias"]
[Result "1-0"]
[WhiteElo "2266"]
[BlackElo "1250"]
[PlyCount "33"]
[EventDate "2014.04.21"]
[EventType "swiss"]
[EventRounds "7"]
[EventCountry "GRE"]
[SourceTitle "EXT 2024"]
[Source "ChessBase"]
[SourceDate "2023.10.10"]
[SourceVersion "1"]
[SourceVersionDate "2023.10.10"]
[SourceQuality "1"]

1. d4 d5 2. Nf3 Bf5 3. c4 e6 4. Nc3 Nf6 5. Bg5 Be7 6. Bxf6 Bxf6 7. cxd5 exd5 8. Qb3 Nc6 9. Nxd5 Bxd4 10. 0-0-0 Be6 11. e4 Bxf2 12. Qxb7 Bxd5 13. Rxd5 Be3+ 14. Kb1 Qc8 15. Qxc6+ Kf8 16. Rd7 Bf4 17. Bc4 1-0